Meilleurs pays du monde en escrime - Statistiques

Statistiques générales
  • Ce quiz a été pris 443 fois
  • Le résultat moyen est 23 sur 30
Statistiques - réponses
Nombre de médailles
or + argent + bronze
Pays % Correct
3 261 France
100%
2 130 France
100%
3 391 France
100%
10 46 Etats-Unis
94%
6 31 Etats-Unis
94%
8 77 Etats-Unis
94%
2 325 Italie
94%
Jeux olympiques 1 135 Italie
94%
Cumul JO et Championnat du monde 1 460 Italie
94%
Championnat du monde 1 319 Russie
90%
4 83 Russie
90%
2 402 Russie
90%
10 15 Chine
89%
5 163 Allemagne
87%
5 41 Allemagne
87%
5 204 Allemagne
87%
4 234 Hongrie
73%
3 93 Hongrie
73%
4 327 Hongrie
73%
9 50 Corée-du-Sud
70%
9 68 Corée-du-Sud
70%
6 87 Pologne
63%
7 23 Pologne
63%
6 90 Pologne
63%
8 44 Ukraine
63%
10 53 Ukraine
63%
7 67 Roumanie
52%
8 17 Roumanie
52%
7 84 Roumanie
52%
9 16 Cuba
22%
Aucun quiz correspondant
Distribution des résultats
% des personnes avec chaque résultat
Percentile par nombre de réponses
Votre historique - résultats
Vous n’avez pas pris ce quiz